LEADER 02255nam0 22004453i 450 001 BVEE018131 005 20170908093206.0 012 $aerue 75tu a-o, poaF (3) 1563 (R)$2fei 100 $a20120216d1563 ||||0itac50 ba 101 | $aita 102 $ait 181 1$6z01$ai $bxxxe 182 1$6z01$an 200 1 $a˜La œHistoria d'Italia di m. Francesco Guicciardini gentil'huomo fiorentino ... Con l'aggiunta de' sommarij à libro per libro: & con le annotationi in margine ... fatte dal reuerendo padre Remigio fiorentino ... 210 $aIn Venetia$cappresso Nicolò Beuilacqua$d1563$eIn Venetia$gappresso Nicolò Beuilacqua$h1563 215 $a[24], 470, [2] c.$cill., 1 ritr.$d4º 300 $aRiferimenti: EDIT16 CNCE 22310 300 $aA cura di Francesco Sansovino, il cui nome figura nella pref 300 $aMarca (V279) sul front. e in fine 300 $aCors. ; rom. - Segn.: a-c⁸a-z⁸A-2N⁸ 300 $aIniziali xil. 316 $av. 1$5IT-NA0075, A 2 0052 500 10$aHistoria di Italia.$3BVEE009543$9CFIV004242$91479379 620 $dVenezia$3SBLL003553 700 1$aGuicciardini$b, Francesco$f <1483-1540>$3CFIV004242$4070$08569 702 1$aSansovino$b, Francesco$f <1521-1583>$3RAVV029326 702 1$aNannini$b, Remigio$f <1521?-1581?>$3RAVV078316 712 02$aBevilacqua, Niccolò$3BVEV017680$4650 790 1$aTatti$b, Giovanni$3BVEV025981$zSansovino, Francesco <1521-1583> 790 1$aFiorentino$b, Remigio$f <1521?-1581?>$3CFIV225306$zNannini, Remigio <1521?-1581?> 790 0$aRemigio : Fiorentino$3RAVV078317$zNannini, Remigio <1521?-1581?> 791 02$aNicola, Trentino$3BVEV030016$zBevilacqua, Niccolò 801 3$aIT$bIT-NA0079$c20120216 850 $aIT-NA0075 912 $aBVEE018131 921 $aBVEM000143$bDonna in catene vicino ad una roccia su cui poggiano un vaso e una sfera armillare. Motto: Superanda omnis fortuna. - In cornice.$cV279$dSul front. e in fine. 950 0$aBiblioteca statale oratoriana dei Girolamini$c1 v.$d GEA 2 0052$e GE 0000013505 B v. 1$fN $h20120216$i20120216 977 $a GE 996 $aHistoria di Italia$91479379 997 $aUNISANNIO LEADER 01272nam 2200373Ia 450 001 996387324003316 005 20221108073507.0 035 $a(CKB)4940000000082221 035 $a(EEBO)2240863930 035 $a(OCoLC)15994633 035 $a(EXLCZ)994940000000082221 100 $a19870618d1643 uy | 101 0 $aeng 135 $aurbn||||a|bb| 200 10$aAllestree, 1643$b[electronic resource] $ea new almanack and prognostication for the yeare of our Lord God 1643, being the third yeer after leap yeere /$fcalculated ... and may generally serve for the whole ile of Great Brittain, by Richard Allestree 210 $aPrinted at London $cBy R. Cotes for the Company of Stationers ...$d[1643] 215 $a[47] p. $cill 300 $aIncludes appendix with special t.p. 300 $aReproduction of original in Bodleian Library. 330 $aeebo-0014 606 $aAlmanacs, English 606 $aAstrology$vEarly works to 1800 615 0$aAlmanacs, English. 615 0$aAstrology 700 $aAllestree$b Richard$f1619-1681.$0793142 801 0$bEAH 801 1$bEAH 801 2$bm/c 801 2$bUMI 801 2$bWaOLN 906 $aBOOK 912 $a996387324003316 996 $aAllestree, 1643$92420007 997 $aUNISA